[Event "SV Nürtingen 1 - SG Schwäbisch Gmünd 1"]
[Site "Oberliga 2019/2020"]
[Date "2020.02.16"]
[Round "7"]
[White "Velicka, Petr"]
[Black "Weigand, Bernhard"]
[Result "1-0"]
[WhiteElo "2405"]
[BlackElo "2195"]
[Annotator ""]
[Source ""]
[Remark ""]

1.Nf3 d5 2.d4 e6 3.c4 c5 4.cxd5 exd5 5.g3 Nc6 6.Bg2 Nf6 7.O-O
Be7 8.Nc3 O-O 9.dxc5 Bxc5 10.Na4 Be7 11.Be3 Be6 12.Rc1 Qd7 13.Nc5
Bxc5 14.Bxc5 Rfe8 15.Re1 Rac8 16.Nd4 Ne4 17.Nxc6 Rxc6 18.Bxa7
Ra6 19.Bd4 Rxa2 20.Qb3 Ra5 21.Qc2 Bf5 22.Qc7 Rb5 23.Qxd7 Bxd7
24.Red1 Bc6 25.Ra1 f6 26.e3 Nd6 27.b4 Nc4 28.Bc3 f5 29.Rdb1 Rd8
30.Ra2 Rb6 31.Rba1 Kf7 32.h4 Bb5 33.Ra8 Rbd6 34.Rxd8 Rxd8 35.Rd1
Ke6 36.Bxg7 Ne5 37.Rc1 Bc4 38.Ra1 Rd7 39.Bxe5 Kxe5 40.Ra8 b5
41.Ra6 Rd6 42.f4+ Ke6 43.Rxd6+ Kxd6 44.Kf2 Bd3 45.Ke1 Be4 46.Bf1
d4 47.Bxb5 Kd5 48.Kd2 h6 49.Ba6 Bb1 50.Bd3 Bxd3 51.Kxd3 dxe3
52.Kxe3 Kc4 53.h5 1-0

[Event "SV Nürtingen 1 - SG Schwäbisch Gmünd 1"]
[Site "Oberliga 2019/2020"]
[Date "2020.02.16"]
[Round "7"]
[White "Mehne, Claudius"]
[Black "Zimmermann, Ulrich"]
[Result "1/2-1/2"]
[WhiteElo "2196"]
[BlackElo "2273"]
[Annotator ""]
[Source ""]
[Remark ""]

1.Nf3 d5 2.c4 d4 3.e3 Nc6 4.b4 dxe3 5.fxe3 Nxb4 6.d4 c5 7.a3
Na6 8.d5 Nf6 9.Nc3 g6 10.e4 Bg7 11.e5 Nd7 12.Bf4 O-O 13.Bd3 e6
14.O-O Nb6 15.d6 {(=)} f6 16.Ne4 Nd7 17.Qd2 f5 18.Neg5 Qe8 19.Rae1
Nab8 20.Qe3 h6 21.Nxe6 Qxe6 22.Bxh6 Nxe5 23.Bxg7 Kxg7 24.Nxe5
Qxd6 25.Rf4 Nc6 26.Nxc6 bxc6 27.Rh4 Kf6 28.Bf1 Ba6 29.Qc3+ Kg5
30.Qc1+ Kf6 31.Qc3+ Kg5 32.Qc1+ Kf6 {(=)} 33.Qc3+ Kg5 1/2-1/2

[Event "SV Nürtingen 1 - SG Schwäbisch Gmünd 1"]
[Site "Oberliga 2019/2020"]
[Date "2020.02.16"]
[Round "7"]
[White "Jurek, Josef"]
[Black "Mareck, Sascha"]
[Result "1-0"]
[WhiteElo "2223"]
[BlackElo "2106"]
[Annotator ""]
[Source ""]
[Remark ""]

1.Nf3 Nf6 2.c4 g6 3.d4 Bg7 4.g3 O-O 5.Bg2 c5 6.Nc3 Nc6 7.dxc5
Qa5 8.O-O Qxc5 9.b3 d6 10.h3 Bf5 11.Be3 Qa5 12.Bd2 Qd8 13.Rc1
Ne4 14.Nxe4 Bxe4 15.Bc3 Rc8 16.Bxg7 Kxg7 17.Qd2 Qa5 18.Qe3 Bxf3
19.Bxf3 e5 20.Rfd1 Rfd8 21.Bxc6 Rxc6 22.a4 a6 23.Rd5 Qc7 24.Rcd1
Re8 25.Qd2 Re6 26.e4 Qb6 27.Qc3 Rc5 28.b4 Rxd5 29.exd5 Re8 30.c5
dxc5 31.bxc5 Qf6 32.d6 e4 33.Qxf6+ Kxf6 34.Rb1 e3 35.fxe3 Rxe3
36.Rxb7 Rxg3+ 37.Kf2 Rc3 38.Rc7 1-0

[Event "SV Nürtingen 1 - SG Schwäbisch Gmünd 1"]
[Site "Oberliga 2019/2020"]
[Date "2020.02.16"]
[Round "7"]
[White "Aring, Gerd"]
[Black "Weiss, Andreas"]
[Result "1-0"]
[WhiteElo "2123"]
[BlackElo "2130"]
[Annotator ""]
[Source ""]
[Remark ""]

1.d4 Nf6 2.c4 e6 3.g3 Bb4+ 4.Nd2 d5 5.Bg2 O-O 6.Ngf3 b6 7.O-O
Bb7 8.a3 Be7 9.Ne5 c5 10.dxc5 bxc5 11.cxd5 exd5 12.b3 Nc6 13.Bb2
Qb6 14.Rc1 Rfd8 15.Nd3 Rac8 16.Bxf6 gxf6 17.e4 Nd4 18.exd5 Bxd5
19.Bxd5 Rxd5 20.Qg4+ 1-0

[Event "SV Nürtingen 1 - SG Schwäbisch Gmünd 1"]
[Site "Oberliga 2019/2020"]
[Date "2020.02.16"]
[Round "7"]
[White "Denisow, Jewgeny"]
[Black "Auch, Stefan"]
[Result "1-0"]
[WhiteElo "2131"]
[BlackElo "2013"]
[Annotator ""]
[Source ""]
[Remark ""]

1.e4 d5 2.exd5 Qxd5 3.Nf3 Bg4 4.Nc3 Qd8 5.h3 Bh5 6.g4 Bg6 7.h4
h6 8.Ne5 Qd6 9.d4 c6 10.Bf4 Qf6 11.Qd2 Bxc2 12.Rc1 Bh7 13.g5
Qd6 14.Bc4 e6 15.Nxf7 Qd7 16.Ne5 Qc8 17.g6 Nf6 18.gxh7 Bb4 19.Bd3
Nbd7 20.Bg6+ Kf8 21.a3 Be7 22.Bxh6 Nxe5 23.dxe5 1-0

[Event "SV Nürtingen 1 - SG Schwäbisch Gmünd 1"]
[Site "Oberliga 2019/2020"]
[Date "2020.02.16"]
[Round "7"]
[White "Gold, Stefan"]
[Black "Hönick, Andreas"]
[Result "1/2-1/2"]
[WhiteElo "2014"]
[BlackElo "2102"]
[Annotator ""]
[Source ""]
[Remark ""]

1.d4 d5 2.e3 Nf6 3.Nf3 c5 4.Nbd2 Nc6 5.c3 cxd4 6.cxd4 Bg4 7.Qb3
Qc7 8.h3 Bd7 9.Be2 e6 10.a3 Bd6 11.Qd1 O-O 12.b3 Rfc8 13.Bb2
Qb6 14.O-O Ne7 15.Bd3 Bb5 16.Qe2 Bxd3 17.Qxd3 Rc6 18.Rfc1 {(=)}
Rac8 19.Rxc6 Rxc6 20.Rc1 Rxc1+ 21.Bxc1 Qc6 22.Bb2 Ne4 23.Ne1
Nxd2 24.Qxd2 Qa6 25.Qd3 Qa5 26.Nc2 f6 27.Bc3 Qc7 28.Bd2 Nc6 29.Qc3
Kf7 30.Qd3 g6 31.Bb4 Nxb4 32.axb4 a6 33.Kf1 Be7 34.g3 1/2-1/2

[Event "SV Nürtingen 1 - SG Schwäbisch Gmünd 1"]
[Site "Oberliga 2019/2020"]
[Date "2020.02.16"]
[Round "7"]
[White "Pohl, Walter"]
[Black "Kill, Matthias"]
[Result "1/2-1/2"]
[WhiteElo "2040"]
[BlackElo "2000"]
[Annotator ""]
[Source ""]
[Remark ""]

1.e4 d6 2.d4 Nf6 3.Nc3 g6 4.h3 c6 5.Be3 Nbd7 6.Qd2 b5 7.f3 Bg7
8.Bh6 Bxh6 9.Qxh6 e5 10.O-O-O Qa5 11.Kb1 b4 12.Nce2 Ba6 13.dxe5
dxe5 14.Nc1 Bxf1 15.Rxf1 O-O-O 16.Nge2 Qb6 17.Nd3 Rhg8 18.Qg5
Rge8 19.Nec1 c5 20.Qe3 a5 21.Qg5 c4 22.Nf2 Nh5 23.Ne2 Qf6 24.Qg3
Qb6 25.Qg5 Qf6 26.Qg3 Qb6 27.Qg5 1/2-1/2

[Event "SV Nürtingen 1 - SG Schwäbisch Gmünd 1"]
[Site "Oberliga 2019/2020"]
[Date "2020.02.16"]
[Round "7"]
[White "Schwarz, Arnd-Rüdiger"]
[Black "Bader, Gerd"]
[Result "1/2-1/2"]
[WhiteElo "2177"]
[BlackElo "2000"]
[Annotator ""]
[Source ""]
[Remark ""]

1.d4 d6 2.Nf3 Nd7 3.c4 e5 4.Nc3 Ngf6 5.e4 g6 6.Be2 Bg7 7.O-O
O-O 8.Be3 Re8 9.d5 a5 10.Ne1 Nc5 11.f3 Nh5 12.Nd3 Nxd3 13.Bxd3
Nf4 14.Kh1 b6 15.Qc2 Bd7 16.b3 Rf8 17.a3 f5 18.b4 Nxd3 19.Qxd3
fxe4 20.Nxe4 Bf5 21.c5 axb4 22.axb4 bxc5 23.bxc5 Qh4 24.Rfb1
Bxe4 25.Qxe4 Qxe4 26.fxe4 Rxa1 27.Rxa1 dxc5 28.g3 Rf7 29.Ra8+
Rf8 30.Ra7 Rc8 31.Bxc5 Bf8 32.Be3 Bd6 33.Rb7 Kf8 34.Kg2 Ke7 {(=)}
35.h4 Rf8 36.Bh6 Rf7 37.Rb8 Kd7 38.Bg5 Be7 39.Be3 Bd6 40.Ra8
Rf8 41.Ra6 Rb8 42.Ra4 Rf8 43.Ra1 Rb8 44.Rc1 Rb4 45.Kf3 Rb3 46.Ke2
Rb8 47.h5 Rb2+ 48.Kf3 Rb3 49.hxg6 hxg6 50.Rc2 Bf8 51.Kf2 Rb4
52.Rc6 Bd6 53.Kf3 Rb3 54.Kf2 Rb2+ 55.Kf3 Rb3 56.Kf2 1/2-1/2

[Event "SC Böblingen 1 - Heilbronner SV 1"]
[Site "Oberliga 2019/2020"]
[Date "2020.02.16"]
[Round "7"]
[White "Zuferi, Enis"]
[Black "Gähwiler, Gabriel"]
[Result "1-0"]
[WhiteElo "2303"]
[BlackElo "2394"]
[Annotator ""]
[Source ""]
[Remark ""]

1.d4 Nf6 2.c4 e6 3.Nc3 Bb4 4.Qc2 O-O 5.a3 Bxc3+ 6.Qxc3 d5 7.Bg5
dxc4 8.Qxc4 b6 9.Nf3 Ba6 10.Qa4 c5 11.dxc5 bxc5 12.Rc1 Qb6 13.Bxf6
gxf6 14.Rc2 Nc6 15.e3 Bxf1 16.Rxf1 Rac8 17.Ke2 Na5 18.Rd1 Nb3
19.Nd2 Nxd2 20.Rdxd2 Rfd8 21.h4 Rxd2+ 22.Rxd2 c4 23.Qd7 Qc5 24.Rd4
h5 25.Qb7 c3 26.bxc3 Qxc3 27.Kf3 a5 28.Qe7 Qc6+ 29.Kg3 Qc7+ 30.Qxc7
Rxc7 31.Rd8+ Kg7 32.Ra8 Rc5 33.Ra7 Kg6 34.Kf3 f5 35.g3 e5 36.a4
e4+ 37.Ke2 Rd5 38.Rb7 f6 39.Rb5 Re5 40.Kd2 Kf7 41.Rxe5 fxe5 42.Kc3
Ke6 43.Kc4 f4 44.gxf4 exf4 45.Kd4 fxe3 46.fxe3 Kf5 47.Kd5 Kg4
48.Kxe4 Kxh4 49.Kf4 Kh3 50.e4 h4 51.e5 Kg2 52.e6 h3 53.e7 h2
54.e8Q h1Q 55.Qe2+ Kg1 56.Kg3 1-0

[Event "SC Böblingen 1 - Heilbronner SV 1"]
[Site "Oberliga 2019/2020"]
[Date "2020.02.16"]
[Round "7"]
[White "Kuklin, Valentin"]
[Black "Schmidt, Tobias"]
[Result "1-0"]
[WhiteElo "2335"]
[BlackElo "2250"]
[Annotator ""]
[Source ""]
[Remark ""]

1.e4 e6 2.d4 d5 3.e5 c5 4.c3 Qb6 5.Nf3 Nc6 6.Bd3 cxd4 7.cxd4
Bd7 8.O-O Nxd4 9.Nxd4 Qxd4 10.Nc3 a6 11.Re1 Ne7 12.Be3 Qxe5 13.Qb3
d4 14.Bd2 Qb8 15.Ne4 Nc6 16.Rac1 Ne5 17.Bb1 Ng4 18.g3 Be7 19.Nc5
Bxc5 20.Rxc5 O-O 21.Qd3 f5 22.Qxd4 Rf7 23.a3 Qe8 24.h3 e5 25.Qc3
b6 26.Rc7 Nf6 27.Rxe5 Re7 28.Rxe7 Qxe7 29.Bxf5 Qd8 30.Bxd7 Nxd7
31.Qc4+ Kh8 32.Bc3 Nf6 33.Bxf6 1-0

[Event "SC Böblingen 1 - Heilbronner SV 1"]
[Site "Oberliga 2019/2020"]
[Date "2020.02.16"]
[Round "7"]
[White "Degenhard, Simon"]
[Black "Tran, Thanh Kien"]
[Result "0-1"]
[WhiteElo "2215"]
[BlackElo "2133"]
[Annotator ""]
[Source ""]
[Remark ""]

1.d4 Nf6 2.c4 c5 3.Nf3 g6 4.Nc3 cxd4 5.Nxd4 Bg7 6.e4 d6 7.Be2
O-O 8.Be3 Nc6 9.O-O a5 10.Qd2 Nxd4 11.Bxd4 Bd7 12.b3 Bc6 13.f3
Nd7 14.Be3 Nc5 15.Rab1 f5 16.exf5 gxf5 17.Rbd1 Qe8 18.Rfe1 Qf7
19.Bf1 Nd7 20.Bg5 Ne5 21.f4 Ng6 22.c5 Kh8 23.cxd6 exd6 24.Bc4
Qc7 25.h4 b5 26.Bxb5 Bf3 27.Rc1 Qb6+ 28.Kh2 Bh5 29.Be2 Bxe2 30.Rxe2
h6 31.h5 hxg5 32.hxg6 Rac8 33.Qd3 g4 34.Nd5 Qd8 35.Rxc8 Qh4+
36.Kg1 Rxc8 37.g3 Rc1+ 38.Kf2 Qh2+ 39.Ke3 Qg1+ 40.Kd2 Rd1+ 0-1

[Event "SC Böblingen 1 - Heilbronner SV 1"]
[Site "Oberliga 2019/2020"]
[Date "2020.02.16"]
[Round "7"]
[White "Müller, Ralf"]
[Black "Pogan, Nikolas"]
[Result "1-0"]
[WhiteElo "2316"]
[BlackElo "2188"]
[Annotator ""]
[Source ""]
[Remark ""]

1.d4 Nf6 2.c4 g6 3.g3 Bg7 4.Bg2 O-O 5.Nc3 d6 6.Nf3 Nc6 7.O-O
Bf5 8.Ne1 e5 9.d5 Nb8 10.e4 Bd7 11.Nd3 a5 12.f3 c6 13.Be3 cxd5
14.cxd5 b5 15.a4 b4 16.Nb1 Bc8 17.Nd2 Ba6 18.Qb3 Nbd7 19.Rac1
Nc5 20.Nxc5 Bxf1 21.Bxf1 dxc5 22.Rxc5 Nd7 23.Rc6 Re8 24.Nc4 Bf8
25.Bh3 Nb8 26.Rc8 1-0

[Event "SC Böblingen 1 - Heilbronner SV 1"]
[Site "Oberliga 2019/2020"]
[Date "2020.02.16"]
[Round "7"]
[White "Dudek, Richard"]
[Black "Schuh, Karsten"]
[Result "1-0"]
[WhiteElo "2163"]
[BlackElo "2181"]
[Annotator ""]
[Source ""]
[Remark ""]

1.e4 c5 2.Nc3 Nc6 3.g3 g6 4.Bg2 Bg7 5.d3 Rb8 6.Be3 Nd4 7.Qd2
b5 8.Nd1 e5 9.c3 d6 10.f4 Nc6 11.Nf3 Bg4 12.O-O Bxf3 13.Rxf3
Nge7 14.f5 f6 15.Nf2 O-O 16.fxg6 hxg6 17.Ng4 f5 18.Nh6+ Kh7 19.exf5
gxf5 20.Bg5 Qd7 21.Raf1 f4 22.gxf4 Bxh6 23.Bxh6 Kxh6 24.f5+ 1-0

[Event "SC Böblingen 1 - Heilbronner SV 1"]
[Site "Oberliga 2019/2020"]
[Date "2020.02.16"]
[Round "7"]
[White "Bauer, Peter"]
[Black "Tschlatscher, Thomas"]
[Result "0-1"]
[WhiteElo "2124"]
[BlackElo "2155"]
[Annotator ""]
[Source ""]
[Remark ""]

1.e4 e5 2.Nf3 Nc6 3.Bb5 a6 4.Ba4 Nf6 5.d3 Bc5 6.O-O d6 7.c3 Ba7
8.Be3 O-O 9.Nbd2 Ne7 10.Nh4 Ng6 11.Nxg6 hxg6 12.Bg5 b5 13.Bb3
Qd7 14.h3 Nh7 15.Be3 Bxe3 16.fxe3 Qe7 17.Bd5 Rb8 18.Qf3 Be6 19.Qg3
Bxd5 20.exd5 Qg5 21.Qxg5 Nxg5 22.h4 Nh7 23.Ne4 f5 24.Ng5 Nxg5
25.hxg5 Kf7 26.Rf3 Rh8 27.Kf2 Rh5 28.Rg3 Rbh8 29.Rg1 Ke7 30.Rf1
Rh1 31.Rg1 R8h4 32.a3 a5 33.Rf3 Rh5 34.Rg3 R1h4 35.Kf3 Kd7 36.e4
fxe4+ 37.dxe4 Rf4+ 38.Ke3 Rhh4 39.Kd3 Rxe4 40.Rf1 Ref4 41.Rxf4
Rxf4 42.Ke3 c6 43.dxc6+ Kxc6 44.Ke2 a4 45.Rh3 Rg4 46.Kf3 Rxg5
47.g4 Kd5 48.Rh1 e4+ 49.Kf4 Re5 50.Rd1+ Kc5 51.Re1 Kc4 52.Ke3
Kb3 53.Re2 Rd5 54.Rf2 Rd1 55.Kxe4 Rb1 56.Rf7 Kxb2 57.Rxg7 Kxa3
58.Rxg6 Kb3 59.Rxd6 a3 60.Rb6 Kxc3 61.Ra6 Kb3 0-1

[Event "SC Böblingen 1 - Heilbronner SV 1"]
[Site "Oberliga 2019/2020"]
[Date "2020.02.16"]
[Round "7"]
[White "Stürmer, Robin"]
[Black "Schröter, Samuel"]
[Result "1/2-1/2"]
[WhiteElo "2256"]
[BlackElo "2138"]
[Annotator ""]
[Source ""]
[Remark ""]

1.d4 g6 2.e4 Bg7 3.c4 c5 4.Nf3 Nc6 5.dxc5 Qa5+ 6.Nbd2 Nf6 7.Bd3
Qxc5 8.Nb3 Qb6 9.c5 Qc7 10.O-O O-O 11.h3 d6 12.cxd6 Qxd6 13.Qe2
Rd8 14.Bc4 Be6 15.Bxe6 Qxe6 16.Re1 Nd7 1/2-1/2

[Event "SC Böblingen 1 - Heilbronner SV 1"]
[Site "Oberliga 2019/2020"]
[Date "2020.02.16"]
[Round "7"]
[White "Seitz, Patrick"]
[Black "Wenninger, Patrick"]
[Result "1-0"]
[WhiteElo "2167"]
[BlackElo "2036"]
[Annotator ""]
[Source ""]
[Remark ""]

1.e4 c6 2.Nc3 d5 3.Nf3 Bg4 4.h3 Bxf3 5.Qxf3 Nf6 6.d3 e6 7.Qg3
Nbd7 8.Be2 Qb6 9.O-O O-O-O 10.a4 h5 11.exd5 exd5 12.a5 Qb4 13.Ra4
Qd6 14.Bf4 Qe6 15.d4 h4 16.Qd3 Bd6 17.Bxd6 Qxd6 18.b4 Nh5 19.Bxh5
Rxh5 20.b5 c5 21.Qf3 Nf6 22.dxc5 Qxc5 23.a6 b6 24.Rd1 Re5 25.Rxh4
Rde8 26.Kh2 Qd6 27.Rc4+ Kd8 28.Rc6 Qb8 29.g3 Ke7 30.Nxd5+ Rxd5
31.Rxd5 Nxd5 32.Qxd5 Kf8 33.Qd6+ Qxd6 34.Rxd6 Ke7 35.Rc6 Kd7
36.Kg2 Re5 37.c4 Re1 38.h4 Rd1 39.h5 Rd6 40.Rxd6+ Kxd6 41.g4
f6 42.f4 1-0

[Event "TSV Schönaich 2 - SF Deizisau 2"]
[Site "Oberliga 2019/2020"]
[Date "2020.02.16"]
[Round "7"]
[White "Zilka, Stepan"]
[Black "Doric, Darko"]
[Result "1-0"]
[WhiteElo "2529"]
[BlackElo "2468"]
[Annotator ""]
[Source ""]
[Remark ""]

1.e4 c5 2.Nf3 d6 3.d4 cxd4 4.Nxd4 Nf6 5.Nc3 Nc6 6.f3 e5 7.Nb3
Be7 8.Be3 O-O 9.Qd2 Be6 10.Nd5 Bxd5 11.exd5 Nb8 12.Be2 a5 13.a4
Nfd7 14.Bb5 b6 15.O-O Nc5 16.Nc1 f5 17.c3 f4 18.Bxc5 bxc5 19.Nd3
Qb6 20.Nf2 Na6 21.Kh1 Rab8 22.Rab1 Nc7 23.Bc4 Rfc8 24.Qc2 g6
25.Rg1 Kg7 26.b3 Ne8 27.g3 fxg3 28.Ne4 Kg8 29.Nxg3 Kg7 30.Bd3
c4 31.Bxg6 Qe3 32.Bxh7 Kh8 33.Be4 cxb3 34.Rxb3 Rxb3 35.Qxb3 Qxc3
36.Qb5 Qc7 37.Qf1 Bg5 38.Qh3+ Kg8 39.Nf5 1-0

[Event "TSV Schönaich 2 - SF Deizisau 2"]
[Site "Oberliga 2019/2020"]
[Date "2020.02.16"]
[Round "7"]
[White "Kölle, Tobias"]
[Black "Köllner, Ruben Gideon"]
[Result "0-1"]
[WhiteElo "2256"]
[BlackElo "2356"]
[Annotator ""]
[Source ""]
[Remark ""]

1.d4 d6 2.e4 Nf6 3.Nc3 e5 4.Nf3 Nbd7 5.g4 d5 6.Nxd5 Nxd5 7.exd5
Bd6 8.Bg5 f6 9.Be3 O-O 10.Qd2 Nb6 11.dxe5 Bxg4 12.Nd4 fxe5 13.Ne6
Bxe6 14.dxe6 Qe7 15.O-O-O Qxe6 16.Kb1 Nc4 17.Bxc4 Qxc4 18.Rhg1
Rf7 19.Rg2 Bb4 20.Qc1 Bc5 21.Rdg1 Kh8 22.Qe1 Bxe3 23.Qxe3 Qd4
24.Qg3 Rd8 25.a3 c5 26.Qg5 e4 27.Rg4 Rdf8 28.Re1 Qxf2 29.Rgxe4
h6 30.Qd5 b6 31.h4 Qf5 32.Qd2 Rd7 33.Qe2 Kh7 34.Re3 Qf2 35.Qb5
Rdf7 36.Qd3+ Qf5 37.Qd6 Rd7 38.Qh2 Qf4 39.Qh3 Qf5 40.Qg2 Rfd8
41.Re7 Qg6 42.Qxg6+ Kxg6 43.Rg1+ Kf6 44.Ree1 Kf7 45.Ka2 Rd6 46.Re3
R8d7 47.Kb3 Rg6 48.Rf3+ Rf6 49.Rfg3 Kg8 50.Rg4 Rf3+ 51.Kc4 Rf2
52.Kb3 Rdf7 53.c4 Kh7 54.R1g3 h5 55.Rg5 R7f3+ 56.Rxf3 Rxf3+ 57.Ka4
Kh6 58.Rd5 Rf4 59.Kb5 Rxh4 60.Rd7 Rh3 61.Rxa7 Rb3+ 62.Ka4 Rxb2
63.Rd7 Rg2 64.Kb5 Rg6 65.a4 h4 66.a5 bxa5 67.Kxc5 h3 68.Rd3 Rg5+ 0-1

[Event "TSV Schönaich 2 - SF Deizisau 2"]
[Site "Oberliga 2019/2020"]
[Date "2020.02.16"]
[Round "7"]
[White "Fischer, Sebastian"]
[Black "Richter, Nils"]
[Result "1-0"]
[WhiteElo "2286"]
[BlackElo "2280"]
[Annotator ""]
[Source ""]
[Remark ""]

1.d4 Nf6 2.Bg5 e6 3.Nd2 h6 4.Bh4 c5 5.e4 g5 6.Bg3 cxd4 7.e5 Nd5
8.h4 gxh4 9.Rxh4 Nc6 10.Ngf3 d6 11.Bb5 Bd7 12.exd6 Rg8 13.Bxc6
bxc6 14.Nc4 Ne3 15.fxe3 Rxg3 16.Qxd4 Bg7 17.Qf4 Rxg2 18.Rg4 Rxg4
19.Qxg4 Qf6 20.O-O-O Qg6 21.Qh4 Qf6 22.Qh5 Rb8 23.Qe5 Qxe5 24.Nfxe5
Rb5 25.Rg1 Bf8 26.Rg8 Rb7 27.Rh8 a6 28.Ng4 f5 29.Nf6+ Kf7 30.Nxd7
Kg7 31.Rxf8 Rxd7 32.Rc8 h5 33.Rc7 1-0

[Event "TSV Schönaich 2 - SF Deizisau 2"]
[Site "Oberliga 2019/2020"]
[Date "2020.02.16"]
[Round "7"]
[White "Gustain, Marc"]
[Black "Buschle, Lukas"]
[Result "0-1"]
[WhiteElo "2159"]
[BlackElo "2114"]
[Annotator ""]
[Source ""]
[Remark ""]

1.e4 c5 2.Nc3 d6 3.d4 cxd4 4.Qxd4 a6 5.Bg5 Nc6 6.Qd2 h6 7.Bh4
g5 8.Bg3 Bg7 9.h4 g4 10.Bc4 Nf6 11.Nge2 b5 12.Bb3 Bd7 13.f3 Na5
14.O-O-O Nxb3+ 15.cxb3 b4 16.Nd5 Nxd5 17.Qxd5 Rc8+ 18.Kb1 Rc5
19.Qd2 a5 20.Bf2 Rc8 21.Bd4 Bxd4 22.Nxd4 Qb6 23.Rhe1 Rc5 24.Nc2
Be6 25.f4 f6 26.Nd4 Bf7 27.Nf5 Bg6 28.Nd4 Bf7 29.g3 Kf8 30.Nc2
h5 31.Ne3 Qb7 32.Qd4 Kg7 33.Nf5+ Kh7 34.Ne3 Ra8 35.Nd5 a4 36.Re3
axb3 37.Rxb3 Bxd5 38.exd5 Qa7 39.a3 bxa3 40.Rxa3 Ra5 41.Qxa7
R8xa7 42.Rxa5 Rxa5 43.b4 Rb5 44.Rd4 Kg6 45.Kc2 Kf5 46.Kc3 Rb8
47.Rc4 Ra8 48.b5 Ra3+ 49.Kb4 Rxg3 50.b6 Rg1 51.Kb5 Rb1+ 52.Kc6
g3 53.Rc2 Kxf4 54.b7 Kf3 55.Rc3+ Kf2 56.Rc2+ Kf1 57.Kc7 g2 58.b8Q
Rxb8 59.Rc1+ Kf2 60.Kxb8 g1Q 0-1

[Event "TSV Schönaich 2 - SF Deizisau 2"]
[Site "Oberliga 2019/2020"]
[Date "2020.02.16"]
[Round "7"]
[White "Reck, Moritz"]
[Black "Gheng, Dominik"]
[Result "1/2-1/2"]
[WhiteElo "2105"]
[BlackElo "2110"]
[Annotator ""]
[Source ""]
[Remark ""]

1.g3 Nf6 2.Bg2 d5 3.d3 e5 4.Nc3 Bb4 5.Bd2 O-O 6.a3 Ba5 7.e4 Be6
8.Nge2 Nc6 9.O-O a6 10.Qe1 Bb6 11.h3 Nd4 12.Nxd4 exd4 13.Na4
dxe4 14.Nxb6 cxb6 15.dxe4 Bc4 16.Rd1 Bxf1 17.Qxf1 Re8 18.Bc3
dxc3 19.Rxd8 Raxd8 20.bxc3 Nxe4 21.c4 {(=)} Nc3 22.Bf3 Rd2 23.Kg2
Ne4 24.Bxe4 Rxe4 25.Kf3 Re6 26.Kg4 Rg6+ 27.Kh4 Rh6+ 28.Kg4 f5+
29.Kf3 Re6 30.c5 Rxc2 31.cxb6 Rc3+ 32.Kf4 g6 33.Qd1 h6 34.Qd8+
Kf7 35.Qd7+ Re7 36.Qd5+ Re6 37.Qd7+ Re7 38.Qd5+ Re6 39.Qd7+ Re7
40.Qd5+ Re6 1/2-1/2

[Event "TSV Schönaich 2 - SF Deizisau 2"]
[Site "Oberliga 2019/2020"]
[Date "2020.02.16"]
[Round "7"]
[White "Rempeli, Alex"]
[Black "Schnadt, Florian"]
[Result "1/2-1/2"]
[WhiteElo "2100"]
[BlackElo "2046"]
[Annotator ""]
[Source ""]
[Remark ""]

1.d4 d5 2.c4 c6 3.Nc3 Nf6 4.e3 Nbd7 5.Nf3 e6 6.Qc2 Bd6 7.Bd3
O-O 8.O-O dxc4 9.Bxc4 e5 10.h3 h6 11.Bb3 Re8 12.Nh4 e4 13.f3
exf3 14.Qg6 Nd5 15.Nxd5 Re6 16.Qh5 cxd5 17.Bxd5 Nf6 18.Qxf3 1/2-1/2

[Event "TSV Schönaich 2 - SF Deizisau 2"]
[Site "Oberliga 2019/2020"]
[Date "2020.02.16"]
[Round "7"]
[White "Kübler, Marcus"]
[Black "Brenner, Markus"]
[Result "1/2-1/2"]
[WhiteElo "1970"]
[BlackElo "2030"]
[Annotator ""]
[Source ""]
[Remark ""]

1.d4 c5 2.d5 d6 3.e4 g6 4.Nc3 Bg7 5.Be2 Nf6 6.Nf3 O-O 7.O-O Na6
8.Nd2 Nc7 9.a4 b6 10.Kh1 Rb8 {(=)} 11.Nc4 a6 12.Bf3 Nd7 13.Bf4
Bb7 14.Bg4 Ba8 15.Bxd7 Qxd7 16.Qd2 b5 17.axb5 axb5 18.Ne3 Bb7 1/2-1/2

[Event "SC Weiler im Allgäu 1 - SK Schmiden/Cannstatt 1"]
[Site "Oberliga 2019/2020"]
[Date "2020.02.16"]
[Round "7"]
[White "Trachtmann, Mark"]
[Black "Plat, Vojtech"]
[Result "0-1"]
[WhiteElo "2253"]
[BlackElo "2573"]
[Annotator ""]
[Source ""]
[Remark ""]

1.d4 d6 2.Nf3 f5 3.g3 g6 4.Bg2 Bg7 5.O-O Nf6 6.c3 O-O 7.Nbd2
Nc6 8.Re1 e5 9.dxe5 Nxe5 10.Nxe5 dxe5 11.e4 f4 12.gxf4 Nh5 13.f5
Nf4 14.Nf3 Qxd1 15.Rxd1 Nxg2 16.Kxg2 gxf5 17.exf5 Bxf5 18.Nh4
Be4+ 19.f3 Bc6 20.Kg3 Rf7 21.Bg5 h6 22.Be3 Kh7 23.Rg1 Bf8 24.Kf2
Be7 25.Ng6 Rxf3+ 26.Ke2 Rxe3+ 27.Kxe3 Bc5+ 28.Ke2 Bxg1 29.Rxg1
Rg8 0-1

[Event "SC Weiler im Allgäu 1 - SK Schmiden/Cannstatt 1"]
[Site "Oberliga 2019/2020"]
[Date "2020.02.16"]
[Round "7"]
[White "Henrichs, Thomas"]
[Black "Niklasch, Oliver"]
[Result "1/2-1/2"]
[WhiteElo "2385"]
[BlackElo "2229"]
[Annotator ""]
[Source ""]
[Remark ""]

1.d4 e6 2.c4 d5 3.Nc3 c5 4.cxd5 exd5 5.Nf3 Nc6 6.g3 Nf6 7.Bg2
Be7 8.O-O O-O 9.dxc5 Bxc5 10.a3 Re8 11.b4 Bb6 12.Bb2 Bg4 13.h3
Bh5 14.Na4 Ne4 15.Nxb6 axb6 16.Rc1 b5 17.Kh2 f6 18.Qd3 Qb6 19.e3
Rad8 20.Kg1 1/2-1/2

[Event "SC Weiler im Allgäu 1 - SK Schmiden/Cannstatt 1"]
[Site "Oberliga 2019/2020"]
[Date "2020.02.16"]
[Round "7"]
[White "Krockenberger, Martin"]
[Black "Kessler, Luca"]
[Result "1/2-1/2"]
[WhiteElo "2150"]
[BlackElo "2450"]
[Annotator ""]
[Source ""]
[Remark ""]

1.d4 Nf6 2.c4 g6 3.g3 Bg7 4.Bg2 O-O 5.Nc3 d6 6.Nf3 Nc6 7.O-O
a6 8.b3 Rb8 9.Bb2 b5 10.cxb5 axb5 11.d5 Na5 12.Nd4 b4 13.Nb1
Bb7 14.e4 c5 15.dxc6 Ba8 16.Nd2 Nxc6 17.Re1 Qb6 18.Nc4 Qa6 19.a3
Nxd4 20.Bxd4 bxa3 21.Rxa3 Qb5 22.Qa1 Nh5 23.Bxg7 Nxg7 24.Re3
Ne6 25.Ra5 Qb4 26.Ra4 Qc5 27.Ra7 Nd4 28.Ra5 Nb5 29.Na3 Qd4 30.Nxb5
{(=)} Qxa1+ 31.Rxa1 Rxb5 32.Ra7 e6 1/2-1/2

[Event "SC Weiler im Allgäu 1 - SK Schmiden/Cannstatt 1"]
[Site "Oberliga 2019/2020"]
[Date "2020.02.16"]
[Round "7"]
[White "Kraus, Tomas"]
[Black "Löhr, Markus"]
[Result "1/2-1/2"]
[WhiteElo "2471"]
[BlackElo "2108"]
[Annotator ""]
[Source ""]
[Remark ""]

1.c4 e5 2.Nc3 Nf6 3.Nf3 Nc6 4.e4 Bb4 5.d3 d6 6.Be2 O-O 7.O-O
Bxc3 8.bxc3 a6 9.Bg5 h6 10.Bh4 Re8 11.a4 a5 12.Ne1 g5 13.Bg3
Ne7 14.Nc2 Ng6 15.Ne3 c6 16.Rb1 Rb8 17.h3 Be6 18.Bg4 Nxg4 19.hxg4
Nf4 20.d4 Qf6 21.Rb2 Red8 22.Re1 Kg7 23.Rb6 Rh8 24.d5 Bd7 25.dxc6
bxc6 26.Rxb8 Rxb8 27.c5 Rd8 28.Qxd6 Be6 29.Qxc6 Rd2 30.Qb5 h5
31.gxh5 Nxh5 32.Re2 Bd7 33.Nf5+ Kh7 34.Rxd2 Bxb5 35.Rd6 Bxa4
36.Rxf6 Nxf6 37.Ne7 Nxe4 38.Bxe5 1/2-1/2

[Event "SC Weiler im Allgäu 1 - SK Schmiden/Cannstatt 1"]
[Site "Oberliga 2019/2020"]
[Date "2020.02.16"]
[Round "7"]
[White "Tuncer, Ufuk"]
[Black "Eisele, Steffen"]
[Result "1-0"]
[WhiteElo "2324"]
[BlackElo "2195"]
[Annotator ""]
[Source ""]
[Remark ""]

1.Nf3 g6 2.g3 Bg7 3.d4 d6 4.Bg2 Nc6 5.d5 Ne5 6.Nxe5 dxe5 7.O-O
f5 8.c4 Nf6 9.Nc3 O-O 10.e4 f4 11.gxf4 exf4 12.Bxf4 Nxe4 13.Bg3
Nxg3 14.hxg3 Qd6 15.Rc1 Bd7 16.Ne4 Qb6 17.b3 Qd4 18.Qxd4 Bxd4
19.Rcd1 Bg7 20.Nc5 Bg4 21.Rd2 Bc3 22.Rc2 Bb4 23.Nd3 Ba3 24.Be4
a5 25.f3 Bf5 26.Bxf5 Rxf5 27.Kg2 g5 28.g4 Rf7 29.Nf2 h6 30.Ne4
Bd6 31.Re2 b6 32.Rh1 Kg7 33.a4 Raf8 34.Rh3 Kg6 35.Nc3 Rf6 36.Nb5
Rc8 37.Nd4 Kh7 38.Re1 Kg6 39.Reh1 Rh8 40.Rh5 Rf7 41.Ne6 Bf4 42.Re1
Rc8 43.Nxf4+ gxf4 44.Re6+ Rf6 45.Rxe7 c6 46.Rhe5 cxd5 47.Rxd5
Rcc6 48.Rdd7 Rfd6 49.Kf2 Rxd7 50.Rxd7 Re6 51.Rd4 Kg5 52.Rd5+
Kg6 53.Rb5 Kg7 54.c5 bxc5 55.Rxc5 Re3 56.Rxa5 Rxb3 57.Rb5 Ra3
58.Rb4 Ra2+ 59.Ke1 Kg6 60.Rxf4 h5 61.gxh5+ Kxh5 62.Rg4 Rb2 63.Rc4
Kg5 64.Kd1 Ra2 65.Kc1 Kf5 66.Kb1 Ra3 67.f4 Ke6 68.Kb2 Rf3 69.a5
Rf2+ 70.Kb3 Rf3+ 71.Kb4 1-0

[Event "SC Weiler im Allgäu 1 - SK Schmiden/Cannstatt 1"]
[Site "Oberliga 2019/2020"]
[Date "2020.02.16"]
[Round "7"]
[White "Witke, Thomas"]
[Black "Hasenohr, Benedict"]
[Result "1/2-1/2"]
[WhiteElo "2089"]
[BlackElo "2254"]
[Annotator ""]
[Source ""]
[Remark ""]

1.d4 d5 2.Bf4 c5 3.e3 Nc6 4.c3 Nf6 5.Nd2 Bf5 6.Qb3 Qc8 7.dxc5
e5 8.Bg3 Bxc5 9.Bb5 O-O 10.Ngf3 d4 11.exd4 exd4 12.O-O d3 13.Qc4
Na5 14.Qa4 Bb6 15.Nh4 a6 16.Qf4 Be6 17.Bxd3 Nh5 18.Qb4 Qd8 19.Nhf3
Re8 20.Bc2 Nxg3 21.hxg3 Bd5 22.c4 Nc6 23.Qc3 Be6 24.Rad1 Ba5
25.Qe3 Qf6 26.Qb3 b5 27.Qd3 Qh6 28.cxb5 Nb4 29.Qa3 axb5 30.Be4
Ra6 31.b3 f5 32.Bb7 Ra7 33.Nd4 Bd7 34.Bf3 Nd3 35.b4 Nxb4 36.N2b3
Qb6 37.Nxa5 Qxa5 38.Qxa5 1/2-1/2